[Event "BCF-ch PM U1750 op"]
[Site "Hull"]
[Date "2024.08.01"]
[Round "4"]
[White "Purle, William"]
[Black "Smithson, Sean"]
[Result "1-0"]
[WhiteElo "1603"]
[BlackElo "1633"]
[PlyCount "71"]
[EventDate "2024.07.29"]
[EventType "swiss"]
[EventRounds "6"]
[EventCountry "ENG"]
[SourceTitle "CBM 221 Extra"]
[Source "ChessBase"]
[SourceDate "2024.09.30"]
[SourceVersion "1"]
[SourceVersionDate "2024.09.30"]
[SourceQuality "1"]

1. d4 Nf6 2. Bf4 g6 3. Nc3 d6 4. e4 a6 5. Qd2 b5 6. f3 Nbd7 7. Rd1 Nb6 8. Nge2 Nc4 9. Qc1 Bg7 10. Ng3 0-0 11. b3 Nb6 12. h4 h5 13. Bd3 Qe8 14. Bh6 c5 15. Bxg7 Kxg7 16. e5 Nfd5 17. Nxh5+ Kh7 18. Ne4 f5 19. exf6 exf6 20. 0-0 Bf5 21. Nxd6 Qe3+ 22. Qxe3 Nxe3 23. Nxf5 gxf5 24. Rde1 cxd4 25. Rf2 Nbd5 26. g4 Kh6 27. Ng3 fxg4 28. fxg4 Rg8 29. Rxe3 dxe3 30. Nf5+ Kg6 31. Nxe3+ Kf7 32. Nxd5 Rxg4+ 33. Kf1 Rh8 34. Rxf6+ Ke8 35. Rxa6 Rh5 36. Nf6+ 1-0